| 000 | 00598nam a2200169 i 4500 | ||
|---|---|---|---|
| 001 | 55989 | ||
| 003 | ES-MaACL | ||
| 005 | 20230906163249.0 | ||
| 007 | t| | ||
| 008 | 031001s1980 ag ||||1| spa d | ||
| 100 | 1 |
_aDíaz Melián, Mafalda Victoria. _944350 |
|
| 245 | 1 | 0 |
_aEmigración española hacia la Argentina en la década del 80 / _cMafalda Victoria Díaz Melián. |
| 260 |
_aBuenos Aires : _b[s.n.], _c1980. |
||
| 300 |
_a24 h. ; _c26 cm. |
||
| 500 | _aEs separata de: Boletín del Instituto de Historia Argentina y Americana. 1980, p. 117-161. | ||
| 852 |
_aES-MaACL _j2125-F-29 _bR.102528 |
||
| 999 |
_c55989 _d55989 |
||